| 000 | 00632nam a2200193Ia 4500 | ||
|---|---|---|---|
| 003 | GCL | ||
| 008 | 140319s9999 xx 000 0 ara d | ||
| 040 |
_aGCL / _cGCL |
||
| 082 | 0 | 4 |
_a896.03 _bم د |
| 100 | 1 | _aخليل كلفة | |
| 245 | 1 | 0 |
_aدون كازمورد / _cخليل كلفة |
| 700 | 1 | _aماشادو دى استيس | |
| 260 |
_a[S.N] : _bدار اليقظه العربيه للتاليف والترجمه والنشر ، _c1991 |
||
| 300 | _a284 ص | ||
| 490 |
_aسلسلة القصة العالمية _v0 |
||
| 650 | 0 | 4 | _aالقصص القصيرة |
| 650 | 0 | 4 | _aالقصص الانجليزية |
| 942 |
_2ddc _cBK |
||
| 999 |
_c40675 _d40675 |
||